Станции метро Нижнего Новгорода - Statistics

General Stats
  • This quiz has been taken 48 times
  • The average score is 9 of 15
Answer Stats
Answer % Correct
Московская
94%
Горьковская
79%
Автозаводская
76%
Стрелка
76%
Чкаловская
68%
Канавинская
68%
Ленинская
62%
Двигатель Революции
62%
Буревестник
62%
Парк Культуры
56%
Бурнаковская
56%
Заречная
50%
Комсомольская
44%
Кировская
44%
Поолетарская
6%
No matching quizzes found
Score Distribution
Percent of People with Each Score
Percentile by Number Answered
Your Score History
You have not taken this quiz